[Event "Prague op-A 19th"]
[Site "Prague"]
[Date "2020.01.11"]
[Round "2"]
[White "Czerw, Dawid"]
[Black "Yapar, Nedim"]
[Result "1/2-1/2"]
[WhiteElo "2262"]
[BlackElo "2058"]
[PlyCount "61"]
[EventDate "2020.01.10"]
[EventType "swiss"]
[EventRounds "9"]
[EventCountry "CZE"]
[SourceTitle "CBM 195 Extra"]
[Source "ChessBase"]
[SourceDate "2020.05.31"]
[SourceVersion "1"]
[SourceVersionDate "2020.05.31"]
[SourceQuality "1"]

1. d4 Nf6 2. c4 e6 3. Nf3 d5 4. g3 Bb4+ 5. Bd2 Be7 6. Bg2 0-0 7. 0-0 c6 8. Bc3 Nbd7 9. Nbd2 a5 10. b3 b6 11. Ne5 Bb7 12. e4 c5 13. exd5 cxd4 14. Bxd4 Nxe5 15. Bxe5 exd5 16. Rc1 Ra7 17. Re1 Qd7 18. Bxf6 Bxf6 19. cxd5 Bxd5 20. Bxd5 Qxd5 21. Ne4 Qf5 22. Nxf6+ Qxf6 23. Qd5 Qb2 24. Qd6 Raa8 25. Qxb6 Qxa2 26. Ra1 Qd2 27. Red1 Qc2 28. Rac1 Qb2 29. Rb1 Qc2 30. Rdc1 Qd3 31. Rd1 1/2-1/2

[Event "TUR-chT 2nd League"]
[Site "Konya"]
[Date "2018.07.17"]
[Round "3.8"]
[White "Yapar, Nedim"]
[Black "Erkole, Melih Naci"]
[Result "1-0"]
[WhiteElo "2112"]
[BlackElo "1698"]
[PlyCount "33"]
[EventDate "2018.07.16"]
[EventType "team-swiss"]
[EventRounds "9"]
[EventCountry "TUR"]
[SourceTitle "EXT 2019"]
[Source "ChessBase"]
[SourceDate "2018.10.10"]
[SourceVersion "1"]
[SourceVersionDate "2018.10.10"]
[SourceQuality "1"]
[WhiteTeam "Mezopotamya"]
[BlackTeam "Bursa Nida"]
[WhiteTeamCountry "TUR"]
[BlackTeamCountry "TUR"]

1. e4 c5 2. Nf3 e6 3. d4 cxd4 4. Nxd4 Nf6 5. Nc3 Nc6 6. a3 a6 7. Be3 Qc7 8. f4 Nxd4 9. Qxd4 Ng4 10. Qb6 Qxb6 11. Bxb6 Be7 12. 0-0-0 d6 13. Be2 Nf6 14. Bc7 Kd7 15. Bxd6 Bxd6 16. e5 Rd8 17. Rxd6+ 1-0

[Event "Prague op 17th"]
[Site "Prague"]
[Date "2018.01.13"]
[Round "2"]
[White "Claridge Hansen, William"]
[Black "Yapar, Nedim"]
[Result "1/2-1/2"]
[WhiteElo "2304"]
[BlackElo "2102"]
[PlyCount "78"]
[EventDate "2018.01.12"]
[EventType "swiss"]
[EventRounds "9"]
[EventCountry "CZE"]
[SourceTitle "CBM 182 Extra"]
[Source "ChessBase"]
[SourceDate "2018.02.23"]
[SourceVersion "1"]
[SourceVersionDate "2018.02.23"]
[SourceQuality "1"]

1. c4 e6 2. g3 Nf6 3. Bg2 d5 4. Nf3 dxc4 5. Qa4+ Bd7 6. Qxc4 c5 7. Ne5 Qc8 8. d3 Nc6 9. Nxd7 Qxd7 10. 0-0 Be7 11. Nc3 0-0 12. a4 Rac8 13. Rd1 Rfd8 14. Bg5 Na5 15. Qb5 b6 16. Ne4 Nd5 17. Qxd7 Rxd7 18. Bxe7 Nxe7 19. Nd2 Nd5 20. Nc4 Nb3 21. Ra3 Nd4 22. e3 Nc6 23. Kf1 Rdd8 24. Ke2 g6 25. Rb3 Rb8 26. h4 Kg7 27. g4 h6 28. Kf3 f6 29. Kg3 e5 30. Be4 Nde7 31. f4 exf4+ 32. Kxf4 Nd5+ 33. Kf3 Ndb4 34. Kf2 Ne5 35. Nxe5 fxe5 36. d4 exd4 37. exd4 a5 38. Ke3 Rd6 39. Rd2 Rbd8 1/2-1/2

[Event "TUR-chT2"]
[Site "Konya"]
[Date "2017.07.11"]
[Round "4.8"]
[White "Yatkin, Osman"]
[Black "Yapar, Nedim"]
[Result "1/2-1/2"]
[WhiteElo "1744"]
[BlackElo "2146"]
[PlyCount "87"]
[EventDate "2017.07.09"]
[EventType "team-swiss"]
[EventRounds "9"]
[EventCountry "TUR"]
[SourceTitle "CBM 179 Extra"]
[Source "ChessBase"]
[SourceDate "2017.08.23"]
[SourceVersion "1"]
[SourceVersionDate "2017.08.23"]
[SourceQuality "1"]
[WhiteTeam "Koycegiz Su Sporlari"]
[BlackTeam "Cendosk Cendere Doga"]
[WhiteTeamCountry "TUR"]
[BlackTeamCountry "TUR"]

1. d4 Nf6 2. Nf3 e6 3. g3 d5 4. Bg2 Be7 5. 0-0 0-0 6. b3 c5 7. dxc5 Bxc5 8. Bb2 Nc6 9. Nbd2 Qe7 10. Ne1 Rd8 11. Nd3 Bd6 12. e4 d4 13. f4 e5 14. f5 b5 15. g4 Nd7 16. Qf3 Nb4 17. Rfc1 Bb7 18. a3 Nxd3 19. cxd3 Nc5 20. Rf1 f6 21. h4 Qf7 22. b4 Na4 23. Bc1 a5 24. bxa5 Rxa5 25. Qg3 Nc3 26. Re1 Kf8 27. Nf3 b4 28. g5 Ke7 29. Nh2 bxa3 30. Ng4 Rg8 31. Qf2 Qb3 32. h5 h6 33. gxf6+ gxf6 34. Qh4 Rf8 35. Bxh6 Rf7 36. Bg7 Qc2 37. h6 Ne2+ 38. Rxe2 Qxe2 39. h7 Ra8 40. h8Q Rxh8 41. Bxf6+ Kd7 42. Bxh8 Qb2 43. Re1 a2 44. Bxe5 1/2-1/2

[Event "TUR-chT2"]
[Site "Konya"]
[Date "2017.07.10"]
[Round "2.10"]
[White "Gozubuyukoglu, Selami"]
[Black "Yapar, Nedim"]
[Result "0-1"]
[WhiteElo "1847"]
[BlackElo "2146"]
[PlyCount "150"]
[EventDate "2017.07.09"]
[EventType "team-swiss"]
[EventRounds "9"]
[EventCountry "TUR"]
[SourceTitle "CBM 179 Extra"]
[Source "ChessBase"]
[SourceDate "2017.08.23"]
[SourceVersion "1"]
[SourceVersionDate "2017.08.23"]
[SourceQuality "1"]
[WhiteTeam "Artvin Il Ozel"]
[BlackTeam "Cendosk Cendere Doga"]
[WhiteTeamCountry "TUR"]
[BlackTeamCountry "TUR"]

1. d4 Nf6 2. c4 e6 3. Nf3 d5 4. Nc3 Bb4 5. Qc2 0-0 6. Bg5 h6 7. Bxf6 Qxf6 8. e3 Nd7 9. cxd5 exd5 10. Be2 c6 11. 0-0 Re8 12. a3 Bf8 13. b4 a6 14. Na4 b5 15. Nc5 Nxc5 16. bxc5 Bf5 17. Bd3 Bxd3 18. Qxd3 a5 19. Ne5 Qe6 20. f4 Be7 21. Rf3 Bd8 22. Raf1 Bc7 23. Rg3 b4 24. axb4 axb4 25. Qb3 Bxe5 26. fxe5 Reb8 27. h3 Ra3 28. Qb1 Kh8 29. Rgf3 Ra7 30. e4 dxe4 31. Qxe4 b3 32. Rb1 b2 33. Kh2 Kg8 34. Rf2 Rab7 35. Rd2 Rb4 36. Rdd1 Rd8 37. Qe3 Qf5 38. Rf1 Qe6 39. Qc3 Rbxd4 40. Rxb2 Qxe5+ 41. Qg3 Qxc5 42. Rb7 R4d7 43. Qb3 Qd5 44. Qb6 c5 45. Rxd7 Rxd7 46. Rc1 Qe5+ 47. Kh1 Qe3 48. Qb8+ Kh7 49. Qb1+ g6 50. Qc2 Rd2 51. Qc4 Qf2 52. Qe4 h5 53. Kh2 Rd4 54. Qb1 c4 55. Rf1 Qe3 56. Rxf7+ Kh6 57. Qb8 c3 58. Qc7 Rd2 59. Rh7+ Kg5 60. Qa5+ Kh4 61. Qc7 c2 62. Re7 Rxg2+ 63. Kxg2 c1Q 64. Qxc1 Qxc1 65. Re2 Qc6+ 66. Kh2 Qf3 67. Rg2 g5 68. Kg1 Qxh3 69. Rf2 Qe3 70. Kg2 g4 71. Kh1 Qe1+ 72. Kg2 Qxf2+ 73. Kxf2 Kh3 74. Kg1 Kg3 75. Kh1 Kf2 0-1

[Event "Hasselbacken op"]
[Site "Stockholm"]
[Date "2016.05.02"]
[Round "3"]
[White "Mihajlov, Sebastian"]
[Black "Yapar, Nedim"]
[Result "1-0"]
[WhiteElo "2343"]
[BlackElo "2068"]
[PlyCount "103"]
[EventDate "2016.04.30"]
[EventType "swiss"]
[EventRounds "9"]
[EventCountry "SWE"]
[SourceTitle "CBM 172 Extra"]
[Source "ChessBase"]
[SourceDate "2016.06.21"]
[SourceVersion "1"]
[SourceVersionDate "2016.06.21"]
[SourceQuality "1"]

1. d4 Nf6 2. c4 e6 3. Nf3 d5 4. Nc3 a6 5. cxd5 exd5 6. Bg5 Be6 7. e3 Nbd7 8. Bd3 h6 9. Bh4 Bd6 10. Rb1 a5 11. 0-0 c6 12. Qc2 0-0 13. a3 Qc7 14. Rfc1 Rfc8 15. Bg3 Bxg3 16. hxg3 Qd6 17. Na4 b6 18. b4 axb4 19. axb4 Qe7 20. Nd2 g6 21. Qb3 Kg7 22. Ra1 Qd6 23. Qb2 Kg8 24. Nf3 Ng4 25. Be2 Kh7 26. Ne1 Ngf6 27. Nd3 Ne4 28. Ne5 c5 29. bxc5 bxc5 30. Nxd7 Bxd7 31. dxc5 Nxc5 32. Nxc5 Rxa1 33. Rxa1 Qxc5 34. Qf6 Be6 35. Bd3 Qc3 36. Bxg6+ Kg8 37. Qxc3 Rxc3 38. Bh5 Kg7 39. Rd1 Kf6 40. Bf3 Ke5 41. g4 Rc4 42. Kh2 Rc2 43. Kg3 Rb2 44. Rh1 Rb4 45. Rh5+ Kd6 46. Rxh6 d4 47. exd4 Rxd4 48. g5 Ke5 49. Bh5 Rd3+ 50. f3 Rd4 51. Rf6 Rd3 52. Bxf7 1-0

[Event "Prague op-A 15th"]
[Site "Prague"]
[Date "2016.01.11"]
[Round "5"]
[White "Yapar, Nedim"]
[Black "Vichnar, David"]
[Result "1-0"]
[WhiteElo "2021"]
[BlackElo "2360"]
[PlyCount "59"]
[EventDate "2016.01.08"]
[EventType "swiss"]
[EventRounds "9"]
[EventCountry "CZE"]
[SourceTitle "CBM 170 Extra"]
[Source "ChessBase"]
[SourceDate "2016.02.25"]
[SourceVersion "1"]
[SourceVersionDate "2016.02.25"]
[SourceQuality "1"]

1. e4 c5 2. Nf3 e6 3. d4 cxd4 4. Nxd4 Nc6 5. Nc3 Qc7 6. f4 a6 7. Nxc6 Qxc6 8. Bd3 Bc5 9. Qe2 Ne7 10. Bd2 d6 11. 0-0-0 Bd7 12. Kb1 0-0 13. Qh5 Rac8 14. e5 g6 15. Qg5 d5 16. h4 Nf5 17. h5 Be7 18. Qg4 Kg7 19. Qh3 Rh8 20. g4 Nd4 21. Rdg1 f5 22. exf6+ Bxf6 23. g5 Be7 24. Qe3 Nf5 25. Qe5+ Kg8 26. Bxf5 gxf5 27. h6 Bf8 28. g6 hxg6 29. Rxg6+ Kf7 30. Qf6+ 1-0

[Event "Barcelona Sant Marti op-A 16th"]
[Site "Barcelona"]
[Date "2014.07.21"]
[Round "9"]
[White "Vigo Allepuz, David"]
[Black "Yapar, Nedim"]
[Result "1/2-1/2"]
[WhiteElo "2085"]
[BlackElo "1971"]
[PlyCount "35"]
[EventDate "2014.07.13"]
[EventType "swiss"]
[EventRounds "9"]
[EventCountry "ESP"]
[SourceTitle "CBM 161 Extra"]
[Source "ChessBase"]
[SourceDate "2014.08.29"]
[SourceVersion "1"]
[SourceVersionDate "2014.08.29"]
[SourceQuality "1"]

1. e4 c5 2. Nc3 a6 3. a4 b6 4. g3 Bb7 5. Bg2 e6 6. Nge2 Nf6 7. 0-0 d5 8. exd5 Nxd5 9. Nxd5 Bxd5 10. Bxd5 Qxd5 11. d4 Nc6 12. dxc5 Qxd1 13. Rxd1 Bxc5 14. c3 Ke7 15. b4 Bd6 16. Be3 Bc7 17. b5 Na5 18. Nd4 1/2-1/2

[Event "Barcelona Sant Marti op-A 16th"]
[Site "Barcelona"]
[Date "2014.07.16"]
[Round "4"]
[White "Capellades Subirana, Marc"]
[Black "Yapar, Nedim"]
[Result "1/2-1/2"]
[WhiteElo "2211"]
[BlackElo "1971"]
[PlyCount "189"]
[EventDate "2014.07.13"]
[EventType "swiss"]
[EventRounds "9"]
[EventCountry "ESP"]
[SourceTitle "CBM 161 Extra"]
[Source "ChessBase"]
[SourceDate "2014.08.29"]
[SourceVersion "1"]
[SourceVersionDate "2014.08.29"]
[SourceQuality "1"]

1. e4 e6 2. d4 d5 3. e5 c5 4. c3 Nc6 5. Nf3 Qb6 6. Bd3 cxd4 7. cxd4 Bd7 8. Nc3 Nxd4 9. Nxd4 Qxd4 10. 0-0 a6 11. Qe2 Ne7 12. Rd1 Nc6 13. Bxa6 Qxe5 14. Bxb7 Qxe2 15. Nxe2 Rb8 16. Bxc6 Bxc6 17. Nd4 Bd7 18. a4 f6 19. a5 e5 20. Nc2 d4 21. Nxd4 exd4 22. Bf4 Rd8 23. Rxd4 Be7 24. Re1 Bb5 25. Rde4 Rd7 26. Bd6 Rxd6 27. Rxe7+ Kd8 28. Rxg7 Re8 29. Rxe8+ Kxe8 30. h4 Rd1+ 31. Kh2 Bd3 32. Rg8+ Kd7 33. Rf8 Ke7 34. Rb8 Kd6 35. b4 Kc7 36. Rf8 Rb1 37. Rf7+ Kc8 38. Rxf6 Rxb4 39. Rd6 Bg6 40. Kg3 Kc7 41. Rf6 Ra4 42. a6 Kd7 43. h5 Bxh5 44. f4 Bg6 45. f5 Bxf5 46. Rxf5 Rxa6 47. Rf7+ Ke8 48. Rxh7 Ra4 49. Rg7 Kf8 50. Rg4 Ra3+ 51. Kh4 Kf7 52. Kh5 Ra1 53. Rg3 Rh1+ 54. Kg5 Kg7 55. Ra3 Rb1 56. Ra7+ Kg8 57. Re7 Rb6 58. g4 Ra6 59. Kf5 Ra5+ 60. Kf6 Ra6+ 61. Kg5 Ra5+ 62. Kh4 Rb5 63. Re6 Kg7 64. Re4 Kg6 65. Ra4 Rc5 66. Ra8 Rb5 67. Rg8+ Kh6 68. g5+ Kh7 69. Rd8 Kg6 70. Rd6+ Kg7 71. Kh5 Rb7 72. Rg6+ Kh7 73. Re6 Ra7 74. Kg4 Ra5 75. Kf4 Kg7 76. Rd6 Rb5 77. Kg4 Ra5 78. Kh4 Rb5 79. Kh5 Rb7 80. Rd5 Ra7 81. Kg4 Kg6 82. Rd6+ Kg7 83. Re6 Ra5 84. Kf4 Rb5 85. Re5 Rxe5 86. Kxe5 Kg6 87. Kf4 Kg7 88. Kf5 Kf7 89. g6+ Kg7 90. Kg5 Kg8 91. Kg4 Kg7 92. Kf5 Kg8 93. Kf6 Kf8 94. g7+ Kg8 95. Kg6 1/2-1/2

[Event "TUR-ch rapid"]
[Site "Datca"]
[Date "2011.08.20"]
[Round "3"]
[White "Yapar, Nedim"]
[Black "Secer, Ata"]
[Result "1/2-1/2"]
[WhiteElo "1894"]
[BlackElo "2329"]
[PlyCount "91"]
[EventDate "2011.08.19"]
[EventType "swiss (rapid)"]
[EventRounds "7"]
[EventCountry "TUR"]
[SourceTitle "CBM 144 Extra"]
[Source "ChessBase"]
[SourceDate "2011.10.28"]
[SourceVersion "1"]
[SourceVersionDate "2011.10.28"]
[SourceQuality "1"]

1. e4 e6 2. d4 d5 3. Nc3 Bb4 4. e5 c5 5. a3 Bxc3+ 6. bxc3 Ne7 7. Qg4 0-0 8. Bd3 Nbc6 9. Qh5 Ng6 10. Nf3 Qc7 11. Be3 c4 12. Bxg6 fxg6 13. Qg4 Bd7 14. h4 Rf5 15. h5 gxh5 16. Rxh5 Rxh5 17. Qxh5 Be8 18. Qh3 Nd8 19. Ng5 h6 20. Nxe6 Qa5 21. Bxh6 Nxe6 22. Qxe6+ Bf7 23. Qh3 gxh6 24. f4 Rf8 25. f5 Kh7 26. Rb1 b5 27. Kd2 Qd8 28. Rxb5 Qg5+ 29. Ke1 Qc1+ 30. Kf2 Be6 31. Rb7+ Kh8 32. g4 Qxc2+ 33. Kg1 Qc1+ 34. Kh2 Qd2+ 35. Qg2 Qxc3 36. fxe6 Qxd4 37. e7 Qxe5+ 38. Qg3 Qe2+ 39. Qg2 Qxg2+ 40. Kxg2 Re8 41. Rxa7 Kg7 42. Rd7 Kf6 43. Rxd5 Rxe7 44. Rc5 Ra7 45. Rxc4 Rxa3 46. Rc5 1/2-1/2